Guía Roji : ciudad de México : área metropolitana y alrededores /

Uloženo v:
Podrobná bibliografie
Médium: Kniha
Jazyk:španělština
Vydáno: México : Guía Roji, 1994, c1994
Témata:
Tagy: Přidat tag
Žádné tagy, Buďte první, kdo vytvoří štítek k tomuto záznamu!

MARC

LEADER 00000nam^a2200000^a^4500
001 000098858
005 20250521000000.0
009 20260310093109.529
020 |a 970-621-039-3 
037 |a Acervo ITESO - Biblioteca 
041 |a ESP 
082 |a 912. 72  |b ROJ DF 1994 
240 1 1 |a [Guía Roji] 
240 1 1 |a [Guía Roji México (Ciudad)] 
245 1 0 |a Guía Roji :  |b ciudad de México : área metropolitana y alrededores / 
264 4 |a México :  |b Guía Roji,  |c 1994, c1994 
300 |a 1 v. (varias paginaciones) 
336 |a texto  |b txt  |2 rdacontenido 
337 |a sin mediación  |b n  |2 rdamedio 
338 |a volumen  |b nc  |2 rdasoporte 
649 |a XX 
650 |a México (Ciudad) -  |x Mapas 
650 |a México -  |x Mapas 
910 |a Fondo General 
920 |a Impresos - Libros 
930 |a Obras de Referencia 
905 |a 102 
901 |a 0500033952  |b IT2  |c REF  |u 20250521 
902 |a https://opac.biblio.iteso.mx/vufind/Record/000098858